Scrambled Premier League Names - Statistics

General Stats
  • This quiz has been taken 22 times
  • The average score is 15 of 20
Answer Stats
Answer % Correct
Fulham
95%
Chelsea
86%
Everton
86%
Liverpool
86%
Manchester United
86%
Arsenal
81%
Bournemouth
81%
Brentford
81%
Aston Villa
76%
Brighton
76%
Manchester City
76%
Southampton
76%
Leicester City
71%
Tottenham Hotspur
71%
Wolverhampton Wanderers
71%
Crystal Palace
62%
Ipswich Town
62%
Newcastle United
62%
Nottingham Forest
62%
West Ham United
57%
No matching quizzes found
Score Distribution
Percent of People with Each Score
Percentile by Number Answered
Your Score History
You have not taken this quiz